| 000 | 01102cab a2200277 4500 | ||
|---|---|---|---|
| 001 | ABS51491 | ||
| 008 | 090401t1994 xxu||||| |||| 00| 0 eng d | ||
| 035 | _a(Sirsi) u30136 | ||
| 041 | _aeng | ||
| 100 | _aEnsom, T. | ||
| 245 | _aJCT court cases end in confusion | ||
| 260 | _c1994 | ||
| 350 | _a0 | ||
| 490 |
_aCSM (Chartered Surveyor Monthly) _v4(1) October 1994, 46(1) |
||
| 520 | _aLooks at two cases which have put in doubt the effectiveness of a final certificate, issed under a JCT contract, as evidence of a building`s completion. Advises contract administrators and quantity surveyors on the responsibilities imposed by the decisions in "Colbart v Kumar" (1992) and "Darlington BC v Wiltshier Northern Ltd" (1993). | ||
| 650 | _aCOLBART V KUMAR | ||
| 650 | _aCONTRACT CLAIMS | ||
| 650 | _aCROWN ESTATE COMMISSIONERS V JOHN MOWLEM AND CO LTD | ||
| 650 | _aDARLINGTON BC V WILTSHIER NORTHERN LTD | ||
| 650 | _aFINAL CERTIFICATES | ||
| 650 | _aJCT 1963 | ||
| 650 | _aJCT IFC 1984 | ||
| 690 | _aBUILT ENVIRONMENT-BUILDING CONTRACT FORMS | ||
| 942 | _n0 | ||
| 948 | _c04/03/1997 | ||
| 999 |
_c20299 _d20299 |
||